DBMS.
Saved in:
| New Title: | Intelligent enterprise (San Mateo, Calif.) Database programming & design |
|---|---|
| Previous Title: | Business software |
| Format: | Journal |
| Language: | English |
| Published: |
Redwood City, Calif. :
M & T Pub., Inc.,
1988-1998.
|
| Subjects: |
| LEADER | 02933cas a2200613 a 4500 | ||
|---|---|---|---|
| 001 | c000286398 | ||
| 003 | CARM | ||
| 005 | 20080911135707.0 | ||
| 008 | 880913d19881998caumn p 0 a0eng d | ||
| 010 | |a 88645981 | ||
| 016 | 7 | |a 9884479 |2 DNLM | |
| 019 | 1 | |a 6200767 |5 LACONCORD2021 | |
| 022 | 0 | |a 1041-5173 | |
| 030 | |a DBMSEO | ||
| 032 | |a 004084 |b USPS | ||
| 035 | |a (OCoLC)18478492 |5 LACONCORD2021 | ||
| 040 | |a MoSMc |b eng |c MoSMc |d DLC |d NSDP |d DLC |d TxU |d NST |d NIC |d InU |d OCoLC |d NSDP |d OUCA |d DLC |d NN |d DLC |d NSDP |d InU |d LC |d VCAV | ||
| 042 | |a lc |a nsdp | ||
| 050 | 0 | |a QA76.9.D3 |b D389 | |
| 050 | 0 | 0 | |a QA76.9.D3 |b D389 |
| 082 | 0 | 4 | |a 005.74 |2 21 |
| 082 | 0 | 4 | |a 005.7405 |2 19 |
| 210 | 0 | |a DBMS |b (Redw. City Calif.) | |
| 222 | 0 | |a DBMS |b (Redwood City, Calif.) | |
| 245 | 0 | 0 | |a DBMS. |
| 246 | 1 | 3 | |a Database management systems |
| 246 | 3 | |a DBMS client/server computing | |
| 246 | 3 | |a DBMS database and client/server solutions | |
| 246 | 3 | |a DBMS database & client/server solutions | |
| 260 | |a Redwood City, Calif. : |b M & T Pub., Inc., |c 1988-1998. | ||
| 300 | |a 11 v. : |b ill. ; |c 28 cm. | ||
| 310 | |a Monthly (except semi-monthly in June) | ||
| 362 | 0 | |a Vol. 1, no. 1 (Sept. 1988)-v. 11, no. 10 (Sept. 1998). | |
| 500 | |a Title from cover. | ||
| 500 | |a "Increasing database productivity." | ||
| 515 | |a Vol. 1, no. 1 called also premiere issue. | ||
| 530 | |a Also available online via the World Wide Web, by subscription to InfoTrac SearchBank. | ||
| 580 | |a Merged with: Database programming & design, to form: Intelligent enterprise (San Mateo, Calif.) | ||
| 650 | 0 | |a Database management |v Periodicals. | |
| 650 | 0 | |a Database management |x Computer programs |v Periodicals. | |
| 780 | 0 | 1 | |t Business software |w (DLC) 84646362 |w (OCoLC)10286456 |
| 785 | 1 | 7 | |t Intelligent enterprise (San Mateo, Calif.) |x 1524-3621 |w (DLC) 98660982 |w (OCoLC)39969360 |
| 785 | 1 | 7 | |t Database programming & design |x 0895-4518 |w (DLC) 88659185 |w (OCoLC)16644178 |
| 852 | 8 | |b CARM |h A3:AR08B0 |i F04492 |p 0496335 |f SE | |
| 852 | 8 | |b CARM |h A1:AR21D0 |i F05015 |p 0494453 |f SE | |
| 852 | 8 | |b CARM |h A1:AR21D0 |i F05020 |p 0494416 |f SE | |
| 852 | 8 | |b CARM |h A1:AQ30C0 |i F05063 |p 0511803 |f SE | |
| 866 | 0 | |a 4:4(1991:04)-7:12(1994:11) Inc. | |
| 866 | 0 | |a 4:4(1991:04)-7:12(1994:11) Inc. | |
| 999 | f | f | |i e0c3d831-0d81-5c51-8a73-4fd8df08bc55 |s 7c1abfbe-3c51-5c07-ac97-f236f2479434 |
| 952 | f | f | |p Can circulate |a CAVAL |b CAVAL |c CAVAL |d CARM 1 Store |e F05020 |f A1:AR21D0 |h Other scheme |i book |k 6:3(1993:03)-6:11(1993:10);6:13(1993:12) |m 0494416 |
| 952 | f | f | |p Can circulate |a CAVAL |b CAVAL |c CAVAL |d CARM 1 Store |e F04492 |f A3:AR08B0 |h Other scheme |i book |k 7:1(1994:01)-7:4(1994:04),7:6(1994),7:8(1994:07)-7:12(1994:11) |m 0496335 |
| 952 | f | f | |p Can circulate |a CAVAL |b CAVAL |c CAVAL |d CARM 1 Store |e F05015 |f A1:AR21D0 |h Other scheme |i book |k 5:1(1992:01)-5:13(1992:12) |m 0494453 |
| 952 | f | f | |p Can circulate |a CAVAL |b CAVAL |c CAVAL |d CARM 1 Store |e F05063 |f A1:AQ30C0 |h Other scheme |i book |k 4:4(1991:04)-4:13(1991:12) |m 0511803 |